[Event "Pan American-ch U14"]
[Site "Guayaquil"]
[Date "2019.07.25"]
[Round "7"]
[White "Torres Tomala, Jeffrey Josue"]
[Black "Rossel Grandon, Cristobal Alejandro"]
[Result "1/2-1/2"]
[WhiteElo "1350"]
[BlackElo "1515"]
[PlyCount "39"]
[EventDate "2019.07.21"]
[EventType "swiss"]
[EventRounds "9"]
[EventCountry "ECU"]
[SourceTitle "EXT 2020"]
[Source "ChessBase"]
[SourceDate "2019.10.17"]
[SourceVersion "1"]
[SourceVersionDate "2019.10.17"]
[SourceQuality "1"]

1. e4 c5 2. Nf3 d6 3. d4 cxd4 4. Nxd4 Nf6 5. Nc3 a6 6. Bg5 e6 7. f3 Be7 8. Qd2 Bd7 9. 0-0-0 Nc6 10. Nb3 Qc7 11. g4 h6 12. Bxf6 gxf6 13. h4 0-0-0 14. f4 Na5 15. Rh3 Nxb3+ 16. axb3 Bc6 17. Bg2 Rhg8 18. Bf3 Qa5 19. Na4 Qxd2+ 20. Rxd2 1/2-1/2